000 00800nam a22003017a 4500
001 BR0601522
003 BR-BrBNA
005 20230928102121.0
007 ta
008 230509b bl.||||| |||| 00| 0 por d
040 _aBR-BrBNA
_bpor
_cBiblioteca Nacional de Agricultura
041 _a(Por)
072 _aE14; L73
_b4110
090 _ 4110 BR0601522
100 1 _aZonta, O.
110 1 _aCâmara dos Deputados, Brasília, DF (Brasil)
_91314
245 1 _aAftosa, o desastre anunciado
260 3 _aBrasília, DF (Brasil):
_c2005.
300 _a47 p.
650 _aAFTOSA
650 _aORÇAMENTO
650 _aPOLÍTICA DE DESENVOLVIMENTO
650 _aDEFESA ANIMAL
650 _aDEFESA VEGETAL
650 _aPLANEJAMENTO
909 _a202309
_bLucia
_c55
_dLucia Elande
942 _cBK
999 _c69221
_d69221